000 00442nam a2200169 a 4500
001 0000-9030
003 ELIB.Books
008 110520 1988
035 _a(ELIB.Books)0000-9179
082 _a225.7
_bBes
100 _aBest, Ernest
245 _aTyndale ( 1 Peter)
260 _bGrand Rapids: Wm. B. Eerdmans Publishing Company
_c1988
650 _aBible Commentary
942 _2ddc
_cBK
998 _cbat
_e2011-05-20
999 _c9030
_d9030